| 000 | 00525nam a2200157 4500 | ||
|---|---|---|---|
| 999 |
_c4951 _d4951 |
||
| 008 | 160930b xxu||||| |||| 00| 0 eng d | ||
| 022 | _a16565649 | ||
| 082 | _aDPer 303.405 H22 May-Sept 2015 n. 6-10 | ||
| 100 |
_915574 _aSeng, Ng Chong |
||
| 245 |
_aMicrosoft build 2015: 6 things you need to know/ _cNg Chong Seng. |
||
| 260 |
_aQuezon City: _bHardware Zone Phils. Corp., _c©2015. |
||
| 300 |
_av11 i8, pages 84-85; _c30 cm. |
||
| 500 | _aHWM Philippines. | ||
| 650 | 0 |
_915575 _aComputer software |
|
| 942 |
_2ddc _cPER |
||